000 00638nam a22001457a 4500
999 _c80293
_d80293
008 201130b ||||| |||| 00| 0 eng d
040 _bger
_cSTAFF
_erda
_aSTAFF
100 _aSchmidt, Katharina
245 _a"Wir wurden immer fatalistischer":
_bKlassik. Wie das Brandenburgische Staatsorchester mit dem Lockdown umgeht - Generalmusikdirektor Jörg-Peter Weigle im Gespräch./
_cKatharina Schmidt
773 _dFrankfurt (Oder): Märkisches Verlags- und Druckhaus GmbH & Co KG
_g31. Jahrgang (2020) Nr. 283 vom 04.12.2020, S. 20
_tMärkische Oderzeitung
942 _cA